| 000 | 00681nam a2200241Ia 4500 | ||
|---|---|---|---|
| 003 | OSt | ||
| 005 | 20220923212005.0 | ||
| 006 | a|||||r|||| 00| 0 | ||
| 007 | ta | ||
| 008 | 220922b |||||||| |||| 00| 0 san d | ||
| 024 | _a78,191 | ||
| 037 | _cTextual | ||
| 040 |
_aARTS _cARTS _bsan |
||
| 041 |
_2san _asan |
||
| 082 | _aR683xGBH:1, 15K4 | ||
| 100 | _aभावसेन | ||
| 245 | 0 | _aविश्वतत्त्वप्रकाश | |
| 246 | _aVishvatattvaprakāsha | ||
| 260 | _c1964 | ||
| 490 | _aJivaraja Jaina granthamala ed by A N Upadya( 16 | ||
| 942 |
_hR683xGBH:1, 15K4 _cTEXL _2CC |
||
| 999 |
_c305210 _d305210 |
||